| 000 | 00433nam a2200133Ia 4500 | ||
|---|---|---|---|
| 005 | 20260209120137.0 | ||
| 008 | 260209s9999||||xx |||||||||||||| ||und|| | ||
| 100 | _aManmeet Singh Teji | ||
| 245 | 0 | _aDomain name protection as a trademark | |
| 260 |
_aBangaloreBangalore _bNLSIU _c2016 |
||
| 300 | _a91 p. ; 25 cm. | ||
| 700 | _aDr. A Nagarathna - GuideDr. A Nagarathna - Guide | ||
| 856 | _uhttps://dans.nls.ac.in/handle/123456789/1514 | ||
| 999 |
_c217266 _d217266 |
||